George Ezra - Hold My Girl Lyrics - Statistics

General Stats
  • This quiz has been taken 49 times
  • The average score is 244 of 321
Answer Stats
Lyrics % Correct
a
96%
me
96%
to
96%
girl,
91%
girl
91%
hold
91%
my
91%
give
87%
I've
87%
minute
83%
go
78%
time
78%
you
78%
above
74%
and
74%
around
74%
been
74%
for
74%
got
74%
love
74%
rise
74%
come
70%
confidence
70%
tell
70%
the
70%
truth
70%
waiting
70%
your
70%
lose
65%
nights
65%
nothing
65%
on
65%
'bout
61%
cold
61%
everything
61%
it
61%
mornings
61%
Sunday
61%
you've
61%
going
57%
second
57%
you're
57%
hard
52%
head
52%
head,
52%
place
52%
rest
52%
silent
52%
that
52%
through
52%
way
52%
you'll
52%
bed
48%
crowded
48%
one
48%
out
48%
takes
48%
town,
48%
turn
48%
dreaming
43%
of
43%
pick
43%
us
43%
about
39%
gray
39%
man
39%
moon
39%
saving
39%
see
39%
working
39%
up
35%
we'll
35%
we've
35%
No matching quizzes found
Score Distribution
Percent of People with Each Score
Percentile by Number Answered
Your Score History
You have not taken this quiz